[Event "SV Letmathe 1 - SV Erkenschwick 1"]
[Site "NRW-Klasse, Gruppe 1 2014/201"]
[Date "2015.02.08"]
[Round "6.6"]
[White "Pfleger, Sascha"]
[Black "Krings, Christoph"]
[Result "1-0"]
[WhiteElo "1937"]
[BlackElo "2109"]
[PlyCount "77"]
[EventDate "2015.??.??"]
[WhiteTeam "SV Letmathe 1"]
[BlackTeam "SV Erkenschwick 1"]

1. d4 e6 2. c4 f5 3. Nf3 d6 4. Bg5 Be7 5. Bxe7 Qxe7 6. Nc3 Nf6 7. e3 O-O 8. Be2
c6 9. O-O e5 10. c5 dxc5 11. Bc4+ Kh8 12. Nxe5 Nbd7 13. Nxd7 Bxd7 14. dxc5 Qxc5
15. Bb3 Rad8 16. Qc2 Qe5 17. Ne2 Ng4 18. Nf4 g5 19. h3 gxf4 20. exf4 Qf6 21.
hxg4 fxg4 22. Qc3 Bf5 23. Qxf6+ Rxf6 24. Rad1 Rfd6 25. Rxd6 Rxd6 26. Re1 Rd2
27. Re5 Bb1 28. Rg5 h6 29. Rg8+ Kh7 30. Ra8 a6 31. Ra7 g3 32. Rxb7+ Kg6 33.
fxg3 Be4 34. Rb4 Bxg2 35. Rc4 Bf3 36. Rc2 Rd6 37. Rf2 Bd1 38. Bc2+ Kh5 39. Bf5
1-0

[Event "SV Letmathe 1 - SV Erkenschwick 1"]
[Site "NRW-Klasse, Gruppe 1 2014/201"]
[Date "2015.02.08"]
[Round "6.7"]
[White "Eggenstein, Frank"]
[Black "Pieczka, Reiner"]
[Result "1/2-1/2"]
[WhiteElo "1925"]
[BlackElo "1950"]
[PlyCount "53"]
[EventDate "2015.??.??"]
[WhiteTeam "SV Erkenschwick 1"]
[BlackTeam "SV Letmathe 1"]

1. e4 e6 2. d4 d5 3. e5 c5 4. c3 Bd7 5. Nf3 Qb6 6. Be2 cxd4 7. cxd4 Bb5 8. O-O
Bxe2 9. Qxe2 Qa6 10. Qd1 Nc6 11. Nc3 Bb4 12. Ne2 Nge7 13. a3 Ng6 14. Be3 Be7
15. b4 Rc8 16. Qd2 b5 17. Rfc1 O-O 18. Ne1 Qb6 19. Nd3 a5 20. Nc5 Rc7 21. Rc2
Rfc8 22. Rac1 Bxc5 23. Rxc5 axb4 24. axb4 Nf8 25. f4 Nd7 26. R5c2 Ne7 27. g4
1/2-1/2

[Event "SV Letmathe 1 - SV Erkenschwick 1"]
[Site "NRW-Klasse, Gruppe 1 2014/201"]
[Date "2015.02.08"]
[Round "6.8"]
[White "Atasoy, Tarik"]
[Black "Strozewski, Frank"]
[Result "1/2-1/2"]
[WhiteElo "1758"]
[BlackElo "1941"]
[PlyCount "168"]
[EventDate "2015.??.??"]
[WhiteTeam "SV Letmathe 1"]
[BlackTeam "SV Erkenschwick 1"]

1. e4 d6 2. d4 g6 3. Nc3 Bg7 4. Nf3 Bg4 5. Be3 Nc6 6. Qd2 e5 7. dxe5 Bxf3 8.
gxf3 Nxe5 9. Be2 Ne7 10. O-O-O O-O 11. f4 N5c6 12. h4 a6 13. h5 b5 14. hxg6
fxg6 15. Bg4 h5 16. Be6+ Kh7 17. f5 Ne5 18. fxg6+ Kxg6 19. Rdg1+ Ng4 20. Bxg4
hxg4 21. Rxg4+ Kf7 22. Rxg7+ Kxg7 23. Bh6+ Kf7 24. Qf4+ Ke6 25. Bxf8 Qxf8 26.
Qg4+ Kf6 27. Rh3 Qg8 28. Rh6+ Ke5 29. Rh5+ Kf6 30. Qf4+ Ke6 31. Rg5 Qh8 32.
Qg4+ Kf7 33. Qf4+ Ke6 34. Nd5 Rg8 35. Qg4+ Kf7 36. Rxg8 Nxg8 37. Qf5+ Kg7 38.
Nf4 Qh6 39. Kd1 Nf6 40. Ne6+ Kh8 41. Nxc7 Qh1+ 42. Ke2 Kg7 43. Ne6+ Kf7 44.
Ng5+ Kg7 45. Ne6+ Kf7 46. Nf4 Qxe4+ 47. Qxe4 Nxe4 48. Nd5 Nc5 49. Ke3 Ke6 50.
Nf4+ Kf5 51. Nd3 Na4 52. Kd4 Ke6 53. Ke4 Nb6 54. Nf4+ Kf7 55. Nd5 Na4 56. b3
Nc5+ 57. Kf5 Ne6 58. c3 a5 59. Ke4 Ng5+ 60. Kd4 Ne6+ 61. Ke3 Ke8 62. Ke4 Nc5+
63. Ke3 Kd7 64. f4 Kc6 65. Ne7+ Kd7 66. Nf5 a4 67. Nd4 axb3 68. axb3 d5 69. b4
Ne4 70. Nxb5 Kc6 71. Nd4+ Kb6 72. Ne2 Kc6 73. Kd4 Kd6 74. f5 Nd2 75. f6 Nf3+
76. Ke3 Ne5 77. Kf4 Ke6 78. Kg5 Kf7 79. Nf4 d4 80. cxd4 Nf3+ 81. Kf5 Nxd4+ 82.
Ke4 Nb5 83. Nd5 Ke6 84. f7 Kxf7 1/2-1/2

[Event "SG Ennepe-Ruhr-Süd 1 - SV Kamen 1"]
[Site "NRW-Klasse, Gruppe 1 2014/201"]
[Date "2015.02.08"]
[Round "6.1"]
[White "Weidemann, Christian"]
[Black "Lupor, Stefan"]
[Result "1/2-1/2"]
[WhiteElo "2224"]
[BlackElo "2219"]
[Annotator "Hausrath,Daniel"]
[PlyCount "161"]
[EventDate "2015.??.??"]
[WhiteTeam "SV Kamen 1"]
[BlackTeam "SG Ennepe-Ruhr-Süd 1"]

1. e4 e6 2. d4 d5 3. Nd2 Nf6 4. Bd3 c5 5. c3 cxd4 6. cxd4 dxe4 7. Nxe4 Bd7 8.
Nf3 Nxe4 9. Bxe4 Bb4+ 10. Bd2 Bxd2+ 11. Qxd2 Bc6 12. Bxc6+ Nxc6 13. O-O O-O 14.
Rad1 Qd5 15. b3 Rad8 16. Rfe1 h6 17. Qf4 Qa5 18. Re2 Rd5 19. h3 Rfd8 20. Red2
Qb4 21. Qe3 a6 22. Rd3 Qa3 23. R3d2 Qd6 24. Kf1 Qb4 25. Kg1 Ne7 26. Qf4 Qd6 27.
Qxd6 R5xd6 28. Rc1 Nc6 29. Rcd1 Kf8 30. Kf1 Ke7 31. g3 R6d7 32. Ke2 Rd5 33. Ke3
Ra5 34. Rc1 f6 35. Rc5 Rd5 36. Rxd5 Rxd5 37. Ne1 Rd7 38. f4 Nb4 39. a3 Nd5+ 40.
Kd3 Kd6 41. h4 h5 42. Ng2 Rc7 43. Rc2 Rxc2 44. Kxc2 f5 45. Kd3 Nf6 46. Ne3 Ne4
47. Nf1 g6 48. Ke3 Kc6 49. Kd3 Nd6 50. Ne3 Ne4 51. Nc4 Nxg3 52. Ne5+ $11 Kd6
53. Nxg6 Ne4 54. Nf8 Nf6 55. Ng6 Nd5 56. Kc4 b5+ 57. Kd3 a5 58. Kd2 Kc7 59. Ke2
a4 60. bxa4 bxa4 61. Kd3 Kc6 62. Kc4 Kb6 63. Ne5 Nxf4 64. Kb4 Ne2 65. Kc4 f4
66. d5 exd5+ 67. Kxd5 Nc3+ 68. Kc4 Nb5 69. Kb4 Nd4 70. Kxa4 f3 71. Nd3 Nf5 72.
Kb4 Nxh4 73. Kc4 Ng6 74. Kd4 Kb5 75. a4+ Kxa4 76. Ke3 Kb3 77. Kxf3 Kc3 78. Nf4
Nxf4 79. Kxf4 Kd4 80. Kg5 Ke5 81. Kxh5 1/2-1/2

[Event "SG Ennepe-Ruhr-Süd 1 - SV Kamen 1"]
[Site "NRW-Klasse, Gruppe 1 2014/201"]
[Date "2015.02.08"]
[Round "6.2"]
[White "Lupor, André"]
[Black "Kilian, Ralf"]
[Result "1/2-1/2"]
[WhiteElo "2182"]
[BlackElo "2133"]
[Annotator "Hausrath,Daniel"]
[PlyCount "174"]
[EventDate "2015.??.??"]
[WhiteTeam "SG Ennepe-Ruhr-Süd 1"]
[BlackTeam "SV Kamen 1"]

1. d4 e6 2. c4 d5 3. Nc3 c5 4. cxd5 exd5 5. Nf3 Nc6 6. g3 Nf6 7. Bg2 Be7 8. O-O
O-O 9. Bg5 c4 10. Ne5 Be6 11. b3 Qa5 12. Qd2 Bb4 13. Bxf6 gxf6 14. Nxc6 bxc6
15. Rfc1 c5 16. bxc4 Rac8 17. a3 Bxc3 18. Rxc3 cxd4 19. Qxd4 Rxc4 20. Rxc4 dxc4
21. Qxf6 Qf5 22. Qxf5 Bxf5 23. Bd5 Rc8 24. Rc1 c3 25. f3 c2 26. Kf2 Rc3 27. Ke1
Rc5 28. Bb3 Rc3 29. Ba4 Rc4 30. Bb5 Rc5 31. Bd3 Bxd3 32. exd3 Rc3 33. Kd2 Rxa3
34. Rxc2 Kg7 35. Ke3 a5 36. Rc6 a4 37. g4 Ra1 38. Ra6 a3 39. h4 a2 40. Kf4 Rd1
41. Rxa2 Rxd3 $11 42. Ra6 h6 43. Ra4 Rb3 44. Rc4 Ra3 45. Re4 Kf6 46. Re3 Ra4+
47. Kg3 Rb4 48. Rc3 Rb6 49. h5 Ra6 50. Kh4 Rb6 51. Rc4 Ra6 52. f4 Kg7 53. g5
hxg5+ 54. fxg5 Ra1 55. Kg4 Rh1 56. Rf4 Ra1 57. Re4 Rf1 58. Rd4 Rf2 59. Rf4 Ra2
60. h6+ Kg8 61. Rf3 Ra1 62. Rf2 Rb1 63. Rf4 Ra1 64. Re4 Rf1 65. Rd4 Rf2 66. Rd3
Rf1 67. Re3 Kh7 68. Rf3 Rg1+ 69. Kf5 Ra1 70. Kf6 Kg8 71. Rf4 Ra6+ 72. Kf5 Ra5+
73. Kg4 Ra1 74. Rf3 Rb1 75. h7+ Kxh7 76. Rxf7+ Kg6 77. Rf6+ Kg7 78. Rf4 Rg1+
79. Kf5 Ra1 80. Rf3 Ra5+ 81. Kg4 Ra1 82. Rf2 Kg6 83. Rf6+ Kg7 84. Rf4 Kg6 85.
Rf6+ Kg7 86. Rf4 Kg6 87. Rf6+ Kg7 1/2-1/2

[Event "SG Ennepe-Ruhr-Süd 1 - SV Kamen 1"]
[Site "NRW-Klasse, Gruppe 1 2014/201"]
[Date "2015.02.08"]
[Round "6.3"]
[White "Kleinegger, Frank"]
[Black "Tripolsky, Eugen"]
[Result "1-0"]
[WhiteElo "2142"]
[BlackElo "2203"]
[PlyCount "113"]
[EventDate "2015.??.??"]
[WhiteTeam "SV Kamen 1"]
[BlackTeam "SG Ennepe-Ruhr-Süd 1"]

1. e4 d6 2. d4 Nf6 3. Nc3 g6 4. g3 Bg7 5. Bg2 O-O 6. Nge2 Nc6 7. O-O e5 8. h3
exd4 9. Nxd4 Re8 10. Be3 a6 11. a4 Rb8 12. a5 Bd7 13. Re1 h5 14. Nb3 Ne5 15.
Nd2 Be6 16. f4 Nc6 17. Nd5 Bxd5 18. exd5 Ne7 19. Nc4 Qd7 20. Qd3 Qb5 21. Red1
Nf5 22. Bf2 Nd7 23. Bf1 Nc5 24. Qf3 Qd7 25. g4 hxg4 26. hxg4 Nh6 27. Be2 Ne4
28. Bd4 f5 29. g5 Ng4 30. Kg2 Bxd4 31. Rxd4 Qg7 32. c3 Kf7 33. Rh1 Nef2 34. Rh4
Rh8 35. Qg3 Rxh4 36. Qxh4 Rh8 37. Qg3 Qh7 38. Bxg4 Nxg4 39. Rd1 Qh2+ 40. Qxh2
Rxh2+ 41. Kg3 Re2 42. Rd4 Re1 43. Nd2 Re3+ 44. Nf3 Ke7 45. Rb4 Kd7 46. Rxb7 Rd3
47. Rb8 Rxd5 48. Rg8 Rxa5 49. Rxg6 Ra2 50. Nd4 Rxb2 51. Rg7+ Kc8 52. Nxf5 Nf2
53. Rg8+ Kd7 54. g6 Ne4+ 55. Kf3 Nf6 56. Rf8 Ke6 57. g7 1-0

[Event "SG Ennepe-Ruhr-Süd 1 - SV Kamen 1"]
[Site "NRW-Klasse, Gruppe 1 2014/201"]
[Date "2015.02.08"]
[Round "6.4"]
[White "Arndt, Stefan"]
[Black "Himmel, Hansjoerg"]
[Result "0-1"]
[WhiteElo "2124"]
[BlackElo "2136"]
[PlyCount "96"]
[EventDate "2015.??.??"]
[WhiteTeam "SG Ennepe-Ruhr-Süd 1"]
[BlackTeam "SV Kamen 1"]

1. e4 c5 2. Nf3 e6 3. d4 cxd4 4. Nxd4 a6 5. Nc3 Qc7 6. Be2 Nc6 7. a3 Nf6 8. Be3
Nxd4 9. Qxd4 Bd6 10. Qd3 b5 11. Rd1 Be5 12. Bd4 Bb7 13. Bxe5 Qxe5 14. O-O Bxe4
15. Nxe4 Qxe4 16. Qxe4 Nxe4 17. Bf3 d5 18. Rfe1 O-O-O 19. Bxe4 dxe4 20. Kf1 f5
21. Rxd8+ Rxd8 22. Ke2 Rd6 23. h4 Kd7 24. Ke3 Ke7 25. Rc1 Kf6 26. g3 e5 27. Ke2
Rd4 28. c3 Rd3 29. a4 f4 30. g4 Rh3 31. axb5 axb5 32. Ra1 Rxh4 33. Ra6+ Kg5 34.
Re6 Kxg4 35. Rxe5 Rh6 36. Rxb5 Rh2 37. Ke1 Kf3 38. Re5 Rh1+ 39. Kd2 Rf1 40. c4
Rxf2+ 41. Kc3 Rf1 42. c5 e3 43. Kd3 Rd1+ 44. Kc2 e2 45. c6 Rd6 46. c7 Rc6+ 47.
Kd2 Rxc7 48. Rxe2 Rc2+ 0-1

[Event "SG Ennepe-Ruhr-Süd 1 - SV Kamen 1"]
[Site "NRW-Klasse, Gruppe 1 2014/201"]
[Date "2015.02.08"]
[Round "6.5"]
[White "Georg, Heinz"]
[Black "Moors, Hans"]
[Result "1-0"]
[WhiteElo "2168"]
[BlackElo "2083"]
[PlyCount "75"]
[EventDate "2015.??.??"]
[WhiteTeam "SV Kamen 1"]
[BlackTeam "SG Ennepe-Ruhr-Süd 1"]

1. e4 c5 2. Nf3 d6 3. c3 Nf6 4. Be2 Nc6 5. d4 cxd4 6. cxd4 d5 7. e5 Ne4 8. O-O
Qb6 9. Nc3 Nxc3 10. bxc3 Bg4 11. Be3 e6 12. c4 Be7 13. Rb1 Qc7 14. Qb3 dxc4 15.
Qxb7 Qxb7 16. Rxb7 O-O-O 17. Rfb1 Bf5 18. R1b5 Bd3 19. Kf1 Rd5 20. Bxd3 cxd3
21. Rxd5 Kxb7 22. Rb5+ Kc7 23. Rb3 Nb4 24. a3 Nd5 25. Bc1 Rc8 26. Bd2 Kd8 27.
Rxd3 Rb8 28. Ba5+ Ke8 29. Nd2 Rb5 30. Nc4 Rb1+ 31. Be1 Rc1 32. Ne3 Nxe3+ 33.
fxe3 Ra1 34. Rb3 Rxa3 35. Rb8+ Kd7 36. Rb7+ Kd8 37. Rxe7 Rxe3 38. Rxa7 1-0

[Event "SG Ennepe-Ruhr-Süd 1 - SV Kamen 1"]
[Site "NRW-Klasse, Gruppe 1 2014/201"]
[Date "2015.02.08"]
[Round "6.6"]
[White "Bruchmann, Norbert"]
[Black "Seepe, Udo"]
[Result "1/2-1/2"]
[WhiteElo "2078"]
[BlackElo "2053"]
[Annotator "Hausrath,Daniel"]
[PlyCount "61"]
[EventDate "2015.??.??"]
[WhiteTeam "SG Ennepe-Ruhr-Süd 1"]
[BlackTeam "SV Kamen 1"]

1. e4 c5 2. Nc3 g6 3. f4 Bg7 4. Nf3 Nc6 5. Bb5 Nd4 6. O-O Nxb5 $11 7. Nxb5 d5
8. e5 a6 9. Nc3 Bg4 10. d4 cxd4 11. Qxd4 e6 12. Qb4 Qc7 13. Be3 Bxf3 14. Rxf3
Ne7 15. Bc5 Bf8 16. Qb3 Rc8 17. Bd6 Nf5 $11 18. Qa4+ Qc6 19. Qxc6+ Rxc6 20.
Bxf8 Rxf8 21. Rd1 h5 22. g3 Ke7 23. h3 h4 24. g4 Ng3 25. Rd2 b5 26. a3 Rg8 $11
27. Rfd3 Rgc8 28. Kg2 Rc4 29. Rd4 Kf8 30. Kf3 Ke7 31. Kg2 1/2-1/2

[Event "SG Ennepe-Ruhr-Süd 1 - SV Kamen 1"]
[Site "NRW-Klasse, Gruppe 1 2014/201"]
[Date "2015.02.08"]
[Round "6.7"]
[White "Neumann, Carsten"]
[Black "Osswald, Luis Monty"]
[Result "1-0"]
[WhiteElo "2010"]
[BlackElo "1985"]
[PlyCount "81"]
[EventDate "2015.??.??"]
[WhiteTeam "SV Kamen 1"]
[BlackTeam "SG Ennepe-Ruhr-Süd 1"]

1. Nf3 c5 2. g3 b6 3. Bg2 Bb7 4. O-O Nf6 5. d3 e6 6. e4 d6 7. Qe2 Nbd7 8. Nbd2
Be7 9. b3 Qc7 10. Bb2 O-O 11. Rfe1 Rfe8 12. Nf1 a6 13. Ng5 h6 14. Nh3 Rac8 15.
g4 b5 16. c4 d5 17. e5 Nh7 18. cxd5 Bxd5 19. Bxd5 exd5 20. Ne3 Nb6 21. Nf5 Bf8
22. Rac1 Qd7 23. f4 a5 24. Qf3 h5 25. Kh1 d4 26. Rg1 hxg4 27. Qxg4 g6 28. Rcf1
Kh8 29. Qh4 gxf5 30. Ng5 f6 31. Nxh7 Qxh7 32. Qxf6+ Bg7 33. Qxb6 Rb8 34. Qxc5
Qh3 35. Qxd4 Rbd8 36. Qa7 Rg8 37. Qf7 Rxd3 38. Rf2 Rf3 39. e6 Rxf2 40. Bxg7+
Kh7 41. Qg6# 1-0

[Event "Elberfelder SG 1 - SK Münster 2"]
[Site "NRW-Klasse, Gruppe 1 2014/201"]
[Date "2015.02.08"]
[Round "6.1"]
[White "Mueschenich, Stefan"]
[Black "Odendahl, Reiner"]
[Result "0-1"]
[WhiteElo "2082"]
[BlackElo "2265"]
[PlyCount "82"]
[EventDate "2015.??.??"]
[WhiteTeam "SK Münster 2"]
[BlackTeam "Elberfelder SG 1"]

1. e4 c5 2. Nf3 g6 3. g3 Bg7 4. Bg2 Nc6 5. Nc3 d6 6. d3 Rb8 7. a4 e6 8. Be3 Nd4
9. O-O Ne7 10. Rb1 O-O 11. Ne2 e5 12. c3 Nxf3+ 13. Bxf3 b6 14. Bg2 d5 15. c4
dxc4 16. dxc4 Nc6 17. Nc3 Be6 18. Qxd8 Rbxd8 19. Nd5 Nd4 20. Bxd4 exd4 21. f4
Kh8 22. e5 Bf5 23. Rbc1 f6 24. exf6 Bxf6 25. Rfe1 d3 26. Nxf6 Rxf6 27. Rcd1 d2
28. Re2 Rfd6 29. Bd5 Bg4 30. Rdxd2 Bxe2 31. Rxe2 R6d7 32. g4 Kg7 33. Kf2 Kf8
34. Kg3 Re7 35. Rf2 Re3+ 36. Kh4 Kg7 37. f5 Rf8 38. Rg2 h6 39. fxg6 Kxg6 40.
Bc6 Rf4 41. Bd7 Rff3 0-1

[Event "Elberfelder SG 1 - SK Münster 2"]
[Site "NRW-Klasse, Gruppe 1 2014/201"]
[Date "2015.02.08"]
[Round "6.2"]
[White "Hintze, Helge"]
[Black "Virnyi, Julius"]
[Result "1-0"]
[WhiteElo "2231"]
[BlackElo "2043"]
[PlyCount "55"]
[EventDate "2015.??.??"]
[WhiteTeam "Elberfelder SG 1"]
[BlackTeam "SK Münster 2"]

1. Nf3 Nf6 2. c4 e6 3. g3 d5 4. Bg2 Be7 5. O-O O-O 6. d4 dxc4 7. Ne5 Nc6 8.
Bxc6 bxc6 9. Nxc6 Qe8 10. Nxe7+ Qxe7 11. Qc2 e5 12. dxe5 Qxe5 13. Qxc4 Be6 14.
Qd3 Rad8 15. Qe3 Qh5 16. f3 Rfe8 17. Qf2 Bc4 18. Nc3 c5 19. Re1 Nd7 20. Bf4 Ne5
21. g4 Qg6 22. Rad1 Rxd1 23. Rxd1 h5 24. h3 hxg4 25. hxg4 Qc2 26. Bxe5 Rxe5 27.
Rd8+ Kh7 28. Qh2+ 1-0

[Event "Elberfelder SG 1 - SK Münster 2"]
[Site "NRW-Klasse, Gruppe 1 2014/201"]
[Date "2015.02.08"]
[Round "6.3"]
[White "Kubo, Thomas"]
[Black "Kurr, Gerd"]
[Result "1-0"]
[WhiteElo "1991"]
[BlackElo "2190"]
[PlyCount "103"]
[EventDate "2015.??.??"]
[WhiteTeam "SK Münster 2"]
[BlackTeam "Elberfelder SG 1"]

1. Nf3 Nf6 2. g3 d5 3. Bg2 c6 4. O-O Bf5 5. b3 e6 6. Bb2 Nbd7 7. d3 h6 8. Nbd2
Bc5 9. e4 dxe4 10. dxe4 Bxe4 11. Nxe4 Nxe4 12. Bxg7 Rg8 13. Bxh6 Qf6 14. Be3
O-O-O 15. Bxc5 Ndxc5 16. Qe2 Nc3 17. Qe3 N5e4 18. Rfe1 Kb8 19. a4 Rd6 20. Ne5
Qxe5 21. Bxe4 Rgd8 22. Bd3 Qxe3 23. Rxe3 Nd5 24. Rf3 f5 25. Re1 Nb4 26. Ree3
Kc7 27. h4 a5 28. Bc4 Nxc2 29. Rxe6 Rd1+ 30. Kg2 Ne1+ 31. Rxe1 Rxe1 32. Rxf5 b6
33. h5 Kd6 34. Rf6+ Kc5 35. g4 Re5 36. h6 b5 37. Bf7 bxa4 38. bxa4 Kb4 39. h7
Rg5 40. Kg3 c5 41. Rf4+ Ka3 42. Rc4 Rh8 43. Bg8 Rg7 44. f4 Kb3 45. Rxc5+ Kxa4
46. f5 Kb4 47. Rc4+ Kb5 48. Rc1 a4 49. f6 Rd7 50. g5 Rhxh7 51. Bxh7 Rxh7 52.
Kg4 1-0

[Event "Elberfelder SG 1 - SK Münster 2"]
[Site "NRW-Klasse, Gruppe 1 2014/201"]
[Date "2015.02.08"]
[Round "6.4"]
[White "Noetzel, Frank"]
[Black "Neuer, Thomas"]
[Result "1/2-1/2"]
[WhiteElo "2166"]
[BlackElo "2043"]
[PlyCount "56"]
[EventDate "2015.??.??"]
[WhiteTeam "Elberfelder SG 1"]
[BlackTeam "SK Münster 2"]

1. f4 d5 2. Nf3 g6 3. g3 Bg7 4. Bg2 Nh6 5. d3 d4 6. Nbd2 c5 7. O-O O-O 8. Ne4
Nd7 9. c4 Qc7 10. Ne1 Rb8 11. Nc2 b6 12. a3 Bb7 13. b4 Rbe8 14. Rb1 f5 15. Ng5
Bxg2 16. Kxg2 e5 17. bxc5 bxc5 18. fxe5 Nxe5 19. Bf4 Nhg4 20. Nf3 Qc6 21. Kg1
Nd7 22. Qd2 Rf7 23. e3 dxe3 24. Nxe3 Nxe3 25. Bxe3 Rfe7 26. Rbe1 Bc3 27. Qxc3
Rxe3 28. Qd2 R3e7 1/2-1/2

[Event "Elberfelder SG 1 - SK Münster 2"]
[Site "NRW-Klasse, Gruppe 1 2014/201"]
[Date "2015.02.08"]
[Round "6.5"]
[White "Quante, Lennart"]
[Black "Kuehne, Marco"]
[Result "1-0"]
[WhiteElo "2016"]
[BlackElo "2005"]
[PlyCount "81"]
[EventDate "2015.??.??"]
[WhiteTeam "SK Münster 2"]
[BlackTeam "Elberfelder SG 1"]

1. d4 Nf6 2. c4 g6 3. Nc3 Bg7 4. e4 d6 5. Be2 Nbd7 6. Nf3 O-O 7. h3 c5 8. Be3
Qa5 9. O-O cxd4 10. Nxd4 Nc5 11. Bf3 Ne6 12. Nb3 Qd8 13. Qe2 Nd7 14. g3 Bxc3
15. bxc3 Ne5 16. Bg2 Qc7 17. Nd2 Ng7 18. f4 Nc6 19. g4 f5 20. exf5 gxf5 21. c5
Be6 22. Nb3 Rf6 23. Nd4 Nxd4 24. Bxd4 Rg6 25. cxd6 exd6 26. Rab1 d5 27. g5 Bf7
28. Qb5 b6 29. Bxd5 Rd8 30. Bxf7+ Qxf7 31. Rbe1 Ne6 32. Re5 Rf8 33. Qe2 Qd7 34.
Qe3 Qc6 35. h4 Ng7 36. Re1 Rd6 37. Re7 Nh5 38. Qe5 Nf6 39. gxf6 Rdxf6 40. Kh2
Qf3 41. Rg1+ 1-0

[Event "Elberfelder SG 1 - SK Münster 2"]
[Site "NRW-Klasse, Gruppe 1 2014/201"]
[Date "2015.02.08"]
[Round "6.6"]
[White "Bachmann, David"]
[Black "Holtel, Jasper"]
[Result "1/2-1/2"]
[WhiteElo "1926"]
[BlackElo "2003"]
[Annotator "Hausrath,Daniel"]
[PlyCount "76"]
[EventDate "2015.??.??"]
[WhiteTeam "Elberfelder SG 1"]
[BlackTeam "SK Münster 2"]

1. Nf3 Nf6 2. g3 g6 3. Bg2 Bg7 4. d4 d5 5. c4 c6 6. cxd5 cxd5 7. Nc3 Ne4 8.
Nxe4 dxe4 9. Ne5 Qd5 10. Qc2 Nd7 11. Bxe4 Qxd4 12. Nxd7 Bxd7 13. Be3 Qxb2 14.
Qxb2 Bxb2 15. Rb1 Bc3+ 16. Kf1 Bh3+ 17. Kg1 $11 Rd8 18. Bxb7 O-O 19. f4 Be6 20.
a3 a5 21. Kf2 Bd5 $11 22. Rhc1 Bf6 23. Rc5 Ba2 24. Rbb5 a4 25. Bc6 Bd4 26. Bxd4
Rxd4 27. Bd5 Rd2 28. Ke3 Rxd5 29. Rxd5 Bxd5 30. Rxd5 Rb8 $11 31. Rd4 Rb3+ 32.
Rd3 Rb2 33. g4 f5 34. g5 Kf7 35. Rd4 Rb3+ 36. Rd3 Rb2 37. Rd4 Rb3+ 38. Rd3 Rb2
1/2-1/2

[Event "Elberfelder SG 1 - SK Münster 2"]
[Site "NRW-Klasse, Gruppe 1 2014/201"]
[Date "2015.02.08"]
[Round "6.7"]
[White "Niermann, Rainer"]
[Black "Pfeiffer, Stefan"]
[Result "1-0"]
[WhiteElo "2015"]
[BlackElo "2046"]
[PlyCount "55"]
[EventDate "2015.??.??"]
[WhiteTeam "SK Münster 2"]
[BlackTeam "Elberfelder SG 1"]

1. e4 c6 2. c4 d5 3. cxd5 cxd5 4. exd5 Nf6 5. Nc3 Nxd5 6. Qb3 e6 7. d4 Nc6 8.
Nf3 Be7 9. Bd3 O-O 10. O-O Bf6 11. Be3 a6 12. Rac1 Nxc3 13. bxc3 b5 14. a4 bxa4
15. Qxa4 Bd7 16. Qc2 h6 17. Qe2 a5 18. Bf4 Be7 19. Rfe1 Re8 20. Bb1 Bf8 21. Qd3
g6 22. h4 Qf6 23. Be5 Qe7 24. h5 f6 25. Qxg6+ Bg7 26. Bf4 Rec8 27. Bxh6 Qf7 28.
Qh7+ 1-0

[Event "Elberfelder SG 1 - SK Münster 2"]
[Site "NRW-Klasse, Gruppe 1 2014/201"]
[Date "2015.02.08"]
[Round "6.8"]
[White "Schmidt, Andrea"]
[Black "Kaufhold, Thomas"]
[Result "1/2-1/2"]
[WhiteElo "1908"]
[BlackElo "2005"]
[PlyCount "61"]
[EventDate "2015.??.??"]
[WhiteTeam "Elberfelder SG 1"]
[BlackTeam "SK Münster 2"]

1. e4 Nf6 2. Nc3 e6 3. d4 d5 4. exd5 exd5 5. Nf3 Bd6 6. Bg5 c6 7. Be2 Be6 8.
Qd2 Nbd7 9. a3 Qc7 10. O-O Ne4 11. Qe3 h6 12. Bh4 f5 13. Nxe4 fxe4 14. Bg3 Bxg3
15. hxg3 O-O 16. Nh2 Rae8 17. Rfe1 Nf6 18. b3 g5 19. b4 Qg7 20. Rab1 b5 21. Ra1
a6 22. a4 Qd7 23. Ra3 Re7 24. Rea1 Ne8 25. axb5 axb5 26. Qc3 Ref7 27. Rf1 Nd6
28. Bh5 Rg7 29. Be2 Rgf7 30. Bh5 Rf6 31. Be2 1/2-1/2

[Event "SV Kamen 1 - SG Niederkassel 1"]
[Site "NRW-Klasse, Gruppe 1 2014/201"]
[Date "2015.03.01"]
[Round "7.1"]
[White "Stanetzek, Carsten"]
[Black "Weidemann, Christian"]
[Result "1/2-1/2"]
[WhiteElo "2193"]
[BlackElo "2224"]
[PlyCount "38"]
[EventDate "2015.??.??"]
[WhiteTeam "SG Niederkassel 1"]
[BlackTeam "SV Kamen 1"]

1. e4 c5 2. Nf3 Nc6 3. Bb5 g6 4. Bxc6 bxc6 5. d3 Bg7 6. Nbd2 d6 7. O-O Nf6 8.
e5 Nh5 9. exd6 exd6 10. Re1+ Be6 11. Rb1 O-O 12. b3 h6 13. Nc4 Qd7 14. Bb2 Bxb2
15. Rxb2 Rae8 16. Nfd2 f5 17. Rb1 Kh7 18. Nf3 Bd5 19. Ne3 Bf7 1/2-1/2

[Event "SV Kamen 1 - SG Niederkassel 1"]
[Site "NRW-Klasse, Gruppe 1 2014/201"]
[Date "2015.03.01"]
[Round "7.2"]
[White "Kilian, Ralf"]
[Black "Rybarczyk, Klaus"]
[Result "0-1"]
[WhiteElo "2133"]
[BlackElo "2161"]
[PlyCount "116"]
[EventDate "2015.??.??"]
[WhiteTeam "SV Kamen 1"]
[BlackTeam "SG Niederkassel 1"]

1. d4 Nf6 2. c4 g6 3. Nf3 Bg7 4. g3 O-O 5. Bg2 d6 6. Nc3 Nbd7 7. O-O e5 8. e4
c6 9. h3 Re8 10. Be3 Qe7 11. Qc2 exd4 12. Nxd4 Nc5 13. Rfe1 Nfxe4 14. Nxc6 bxc6
15. Bxc5 dxc5 16. Rxe4 Be6 17. Rae1 Qc7 18. Qa4 Red8 19. R4e2 Bd4 20. Kh2 Rab8
21. Nd1 Rb4 22. Qxc6 Qxc6 23. Bxc6 Rxc4 24. b3 Rc1 25. Bb5 Rb8 26. Bd3 a5 27.
Ne3 Rc3 28. Be4 Rd8 29. Nc2 Bf6 30. Na3 a4 31. Nb5 axb3 32. Nxc3 Bxc3 33. Rc1
bxa2 34. Rxa2 Bxa2 35. Rxc3 Rc8 36. Kg2 f5 37. Bc2 Bd5+ 38. Kf1 Kf7 39. Ke2 Ke6
40. h4 Kd6 41. h5 Ra8 42. Ke3 Re8+ 43. Kd2 Ra8 44. Ke3 Re8+ 45. Kd2 c4 46. hxg6
hxg6 47. Ra3 Kc5 48. Kc3 Re2 49. Ra5+ Kd6 50. Ra6+ Ke7 51. Ra7+ Kf6 52. Rd7 Ke6
53. Rg7 Rxf2 54. Rxg6+ Ke5 55. g4 Rf3+ 56. Kd2 f4 57. Rg5+ Kd4 58. Rf5 Rf2+ 0-1

[Event "SV Kamen 1 - SG Niederkassel 1"]
[Site "NRW-Klasse, Gruppe 1 2014/201"]
[Date "2015.03.01"]
[Round "7.3"]
[White "Bussard, Christian"]
[Black "Kleinegger, Frank"]
[Result "1-0"]
[WhiteElo "2125"]
[BlackElo "2142"]
[PlyCount "99"]
[EventDate "2015.??.??"]
[WhiteTeam "SG Niederkassel 1"]
[BlackTeam "SV Kamen 1"]

1. d4 d5 2. Nf3 Bf5 3. c4 e6 4. Qb3 Nc6 5. Bg5 f6 6. Bd2 Rb8 7. e3 Qd7 8. Be2
Nh6 9. O-O Nf7 10. Nh4 Be4 11. Nc3 Na5 12. Qd1 Nc6 13. cxd5 exd5 14. Rc1 Bd6
15. Nxe4 dxe4 16. Bg4 Qd8 17. Qc2 Ng5 18. Nf5 O-O 19. h4 Nf7 20. Qxe4 g6 21.
Nxd6 Nxd6 22. Be6+ Kg7 23. Qf4 Qe7 24. Bd5 Qd7 25. Rc2 Ne7 26. Bf3 c6 27. Rfc1
Nf7 28. Bb4 Rbe8 29. b3 h5 30. Ba3 g5 31. hxg5 fxg5 32. Qe4 Rh8 33. d5 Nxd5 34.
Qd4+ Nf6 35. Qxa7 g4 36. Be2 g3 37. fxg3 Qc7 38. Bb2 Qxg3 39. Rf1 Rh6 40. Rf3
Qe1+ 41. Bf1 Ne5 42. Qxb7+ Kg8 43. Bxe5 Rxe5 44. Rxc6 Qh4 45. Rc8+ Re8 46.
Rxe8+ Nxe8 47. Qf7+ Kh8 48. Qxe8+ Kg7 49. Rf7+ Kg6 50. Qg8# 1-0

[Event "SV Kamen 1 - SG Niederkassel 1"]
[Site "NRW-Klasse, Gruppe 1 2014/201"]
[Date "2015.03.01"]
[Round "7.4"]
[White "Himmel, Hansjoerg"]
[Black "Broehl, Stephan"]
[Result "1-0"]
[WhiteElo "2136"]
[BlackElo "2132"]
[PlyCount "85"]
[EventDate "2015.??.??"]
[WhiteTeam "SV Kamen 1"]
[BlackTeam "SG Niederkassel 1"]

1. e4 c6 2. d4 d5 3. e5 Bf5 4. Nf3 e6 5. Be2 Nd7 6. O-O Ne7 7. Nbd2 Bg6 8. Re1
Nf5 9. Nf1 Be7 10. Ne3 O-O 11. Nxf5 Bxf5 12. Bd3 Bg4 13. h3 Bh5 14. Be3 Rc8 15.
g4 Bg6 16. Bxg6 fxg6 17. Kg2 Qe8 18. Rh1 Qf7 19. h4 h6 20. Rh3 c5 21. c3 cxd4
22. cxd4 Nb6 23. b3 Ba3 24. Qe2 Qc7 25. Ne1 Nd7 26. Rd1 Nb8 27. Nd3 Qf7 28. Nf4
Nc6 29. Qd3 Ne7 30. h5 g5 31. Ng6 Nxg6 32. hxg6 Qc7 33. Bxg5 Qc2 34. Qxc2 Rxc2
35. Be3 Rxa2 36. g5 Rf5 37. gxh6 gxh6 38. Kg3 Bf8 39. Rc1 Rb2 40. Rc3 h5 41.
Rh1 Kg7 42. Rc7+ Kxg6 43. Rg1 1-0